Το μέλλον της ανθρώπινης φύσης : προς μια φιλελεύθερη ευγονική; : και πίστη και γνώση
Αποθηκεύτηκε σε:
| Κύριος συγγραφέας: | |
|---|---|
| Άλλοι συγγραφείς: | , , |
| Μορφή: | Βιβλίο |
| Γλώσσα: | Greek German |
| Δημοσίευση: |
Αθήνα :
Scripta,
2004.
|
| Σειρά: | Πολιτισμική θεωρία - Κριτική (Scripta)
|
| Θέματα: | |
| Ετικέτες: |
Προσθήκη ετικέτας
Δεν υπάρχουν, Καταχωρήστε ετικέτα πρώτοι!
|
MARC
| LEADER | 00000cam a2200000 i 4500 | ||
|---|---|---|---|
| 001 | 1/22126 | ||
| 008 | 060118s2004 gr | ||| |||| ||gre|| | ||
| 020 | |a 9607909534 | ||
| 035 | |l 10082060 | ||
| 040 | |a GR-MyUA |b gre |e AACR2 | ||
| 041 | 1 | |a gre |h ger | |
| 082 | 7 | |a 179.7 |2 (22) | |
| 100 | 1 | |a Habermas, Jürgen. | |
| 245 | 1 | 3 | |a Το μέλλον της ανθρώπινης φύσης : |b προς μια φιλελεύθερη ευγονική; : και πίστη και γνώση / |c Jurgen Habermas ; μετάφραση: Μαρία Τοπάλη. |
| 260 | |a Αθήνα : |b Scripta, |c 2004. | ||
| 300 | |a 188 σ. ; |c 21 εκ. | ||
| 490 | 1 | |a (Πολιτισμική θεωρία - Κριτική / Scripta) | |
| 500 | |a Τίτλος πρωτοτύπου: Die zukunft der menschlichen Natur. | ||
| 650 | 0 | 0 | |a Ethics. |
| 650 | 0 | 0 | |a Eugenics |x Moral and ethical aspects. |
| 700 | 1 | |a Τοπάλη, Μαρία, |d 1964- |e trlf | |
| 700 | 1 | |a Καβουλάκος, Κωνσταντίνος, |e aui | |
| 700 | 1 | |a Ξηροπαΐδης, Γιώργος, |d 1958- |e edt | |
| 830 | 0 | |a Πολιτισμική θεωρία - Κριτική (Scripta) | |
| 852 | |a INST |b RHODES |e 20060118 |h 179.7 HAB |p 005400021578 |q 005400021578 |t BK |y 0 | ||
| 901 | |a BIBL4-2006-1 | ||
| 909 | |a Ρ |b 123038 | ||
| 970 | |a ΚΟΖΑ |b ΜΑΡΙΑ |z 2006/01/18 | ||